[Event "Texas Collegiate chT 2017"]
[Site "Brownsville"]
[Date "2017.10.22"]
[Round "4"]
[White "Kambrath, Yannick"]
[Black "Prasanna Raghuram Rao"]
[Result "0-1"]
[WhiteElo "2342"]
[BlackElo "2455"]
[Annotator "TA"]
[PlyCount "148"]
[EventDate "2017.??.??"]
[EventType "team-tourn"]
[EventCountry "USA"]
[SourceTitle "playchess.com"]
[Source "ChessBase"]
[SourceQuality "1"]

{[%evp 21,148,17,33,31,16,7,29,-20,-19,-14,-14,-12,-19,-12,-12,-27,-13,-20,-36,-48,31,27,38,30,72,68,78,67,80,14,18,0,52,51,39,0,0,-2,0,0,27,-31,-36,-56,-57,-63,-40,-45,-48,-45,-25,-34,0,-51,-49,-64,-64,-66,-75,-83,-49,-82,-33,-80,-87,-52,-35,-89,0,-82,-82,-82,-51,-68,-90,-156,-148,-160,-140,-168,-145,-145,-39,-39,0,0,0,-33,0,0,0,-29,-29,-29,-29,-41,0,0,0,0,0,0,0,0,0,-111,-106,-79,-142,-292,-217,-29969,-29971,-29970,-29968,-29971,-29971,-29978,-29979,-29979,-29980,-29986,-29983,-29983,-29984,-29984,-29985,-29985,-29986]} 1. d4 d5 2. c4 c6 3. Nf3 e6 4. b3 Nd7 5. Bb2 f5 6. g3 Ngf6 7. Bg2 Bd6 8. O-O O-O 9. Nbd2 a5 {[%cal Ba7a5,Ba5a4][%mdl 32] A90: Holländische Verteidigung (Klassisches System, Stonewall und Varianten mit Lb4)} (9... b6 10. Ne5 Bb7 11. Rc1 Rc8 12. Ndf3 Qe7 13. Nxd7 Nxd7 14. Qd2 Rfd8 15. e3 c5 16. cxd5 Bxd5 17. Qe2 Nf6 18. dxc5 Bxc5 19. Rfd1 Ba3 20. Rxc8 Rxc8 21. Qa6 Bxb2 22. Qxc8+ {1-0 (75) Demidov,M (2521)-Tomashevsky,E (2710) Sochi 2017}) 10. Ne5 a4 11. Qc2 Qe7 $146 {LiveBook: 7 Partien. Die Stellung ist ausgeglichen.} ({Vorgänger:} 11... axb3 12. axb3 Rxa1 13. Rxa1 Qe7 14. Ndf3 Ne4 15. Ne1 c5 16. N1d3 cxd4 17. Bxd4 Nxe5 18. Nxe5 {1-0 (53) Van der Lende,I (2347)-Meessen,R (2293) Belgium 2017}) 12. Rab1 Ne4 13. Nxe4 fxe4 14. f3 Nxe5 15. dxe5 Bc5+ 16. Kh1 exf3 17. exf3 Bd7 {[%cal Bc8d7,Bd7e8,Be8f7,Bf7e6][%mdl 32]} 18. f4 Be8 {Und ...Lg6 würde nun gewinnen.} 19. f5 d4 20. b4 $1 {[%cal Rb4c5]} Ba7 (20... Bxb4 $15 21. Bxd4 Rxf5) 21. c5 $14 {Und weiter mit Dc4 wäre nett.} exf5 22. Bxd4 Qe6 23. Qxa4 Bf7 {Schwarz will ...Lxc5 spielen.} 24. Qc2 Rad8 25. Bb2 (25. Bc3 $1 $16) 25... f4 $11 26. Rbd1 fxg3 (26... Rxd1 $11 27. Qxd1 fxg3) 27. Rd6 $14 Qe7 $1 {[%cal Re7h4] und nun wäre ...Dh4 stark für Schwarz.} 28. Qc3 Be6 $1 29. Qxg3 Bb8 30. Re1 (30. Rg1 {with more complications.} Rf7 31. a4 Rdf8 32. b5 Bxd6 33. exd6 Qd7 34. a5) 30... Bxa2 31. Rxd8 (31. Be4 $11) 31... Rxd8 $15 32. Qe3 Be6 33. Be4 Qh4 34. Bc3 Rf8 {[%cal Bd8f8,Bf8f7,Bf7d7][%mdl 32]} 35. Qg3 Qd8 36. Rg1 {[%csl Gg1][%cal Rg3g7]} Rf7 37. Qe3 (37. Bxh7+ $11 Kxh7 38. Qg6+ Kg8 39. Qxe6) 37... Qh4 38. Re1 Bc7 39. Bg2 Rd7 40. Be4 Qh5 $40 {[%mdl 128] Schwarz greift an.} 41. Qg3 Rd1 42. Rg1 Rxg1+ 43. Kxg1 Qd1+ 44. Kf2 $1 {[#]} Qh5 ({Doch nicht} 44... Bc4 $6 {[#]} 45. Bxh7+ $1 {[%mdl 512]} Kh8 46. Qh3 $11) ({Besser ist} 44... Bd8 $1 $17) 45. Qf4 (45. Kg1 $1 $11) 45... Bd8 $17 {Weiss muss nun ...Lg5 beachten.} 46. Bf3 Qg6 {zielt auf ...Lg5 ab.} 47. Be4 Bg5 48. Qf3 (48. Bxg6 $142 Bxf4 49. Be4) 48... Qh6 49. Kg2 Bf4 50. h3 Qg5+ 51. Kf2 Bxe5 {[#]} ({Lieber} 51... Qh4+ $17 52. Ke2 Bxh3) 52. Bxh7+ $1 $15 {[%mdl 512]} Kh8 (52... Kxh7 53. Qe4+) 53. Bxe5 Qxe5 54. Be4 Qh2+ 55. Ke3 {Beabsichtigt Dh5+ und Matt.} Kg8 56. Kd4 Qb2+ 57. Qc3 Qf2+ 58. Kd3 Bxh3 {[%cal Rh3f1]} 59. Qe5 Bf1+ 60. Kc3 {Droht De8+ und aus.} Qe1+ 61. Kc2 {[%cal Re5e8]} Qf2+ 62. Kc1 Kf7 63. Qc7+ (63. Bc2 $11) 63... Kf6 $17 64. Qd8+ Ke5 65. Qe7+ (65. Bc2 $17 {ist wohl besser.} Qf4+ 66. Kb1 Qxb4+ 67. Kc1 Qe1+ 68. Kb2) 65... Kd4 66. Bc2 $2 (66. Bg6 $19) 66... Qe3+ {Schwarz setzt Matt.} 67. Qxe3+ Kxe3 {[%mdl 4096] Endspiel KL-KL} 68. Bf5 g5 {[%cal Bg7g5,Bg5g4,Bg4g3][%mdl 32]} 69. Bg4 Be2 70. Bc8 g4 71. Bxb7 Bb5 72. Bc8 g3 73. Bh3 Kf2 74. Kd2 Bf1 {Precision: Weiß = 36%, Schwarz = 58%.} 0-1

[Event "Texas Collegiate chT 2017"]
[Site "Brownsville"]
[Date "2017.10.22"]
[Round "4"]
[White "Andrenko, Irina"]
[Black "Dragun, Kamil"]
[Result "0-1"]
[WhiteElo "2146"]
[BlackElo "2612"]
[Annotator "TA"]
[PlyCount "42"]
[EventDate "2017.??.??"]
[EventType "team-tourn"]
[EventCountry "USA"]
[SourceTitle "playchess.com"]
[Source "ChessBase"]
[SourceQuality "1"]

{[%evp 23,42,-21,-8,-19,-8,-99,-109,-106,-103,-113,-91,-168,-159,-251,-259,-1185,-1154,-3337,-3190,-2278,-2200]} 1. e4 e5 2. Nf3 Nc6 3. Bc4 Bc5 4. d3 Nf6 {[%cal Bg8f6,Bf6g4,Bg4h6,Bh6f5,Bf5h4][%mdl 32]} 5. O-O d6 6. c3 O-O 7. Nbd2 a6 8. Bb3 Ba7 9. Re1 Ng4 10. Re2 {C54: Giuoco Piano: 4 c3 Nf6, main lines with 5 d4 and 5 d3} Kh8 11. h3 f5 12. exf5 Nh6 {LiveBook: 3 Games} 13. d4 $146 {[%cal Rd4e5]} ({Predecessor:} 13. g4 Nxf5 14. gxf5 Bxf5 15. Ne4 d5 16. Neg5 Qd6 17. d4 exd4 {½-½ (33) Onischuk,V (2610)-Schroeder,J (2539) Riga 2017}) 13... exd4 14. cxd4 (14. Nf1 $11) 14... Nxf5 $17 15. d5 Ncd4 16. Re4 Bd7 17. g4 (17. Bc4 $17 {is a better defense.}) 17... Nh4 18. Nxd4 (18. Rxd4 $17 Bxd4 19. Nxd4) 18... Bxd4 $19 19. Re2 $2 (19. Rxd4 Qf6 20. Ne4 Nf3+ 21. Kh1 Qxd4 22. Qxd4 Nxd4 23. Be3 Nxb3 24. axb3) 19... Qf6 {Black is clearly winning.} 20. Ne4 Qf3 {[%csl Gh4][%cal Rf3g2] [#]} 21. Qf1 Bb5 {Precision: White =  8%, Black = 93%.} 0-1

[Event "Texas Collegiate chT 2017"]
[Site "Brownsville"]
[Date "2017.10.22"]
[Round "4"]
[White "Concha Munoz, Claudia"]
[Black "Belous, Vladimir"]
[Result "0-1"]
[WhiteElo "1862"]
[BlackElo "2564"]
[Annotator "TA"]
[PlyCount "140"]
[EventDate "2017.??.??"]
[EventType "team-tourn"]
[EventCountry "USA"]
[SourceTitle "playchess.com"]
[Source "ChessBase"]
[SourceQuality "1"]

{[%evp 25,140,10,18,-20,-7,-28,-12,-8,-8,-13,37,36,34,-9,-12,-9,-10,-8,-5,-22,-29,-20,-20,-22,-18,-20,-12,-14,-8,-8,-8,-8,-7,-6,-7,-7,-7,-7,-7,-7,0,-7,-1,-8,-8,-8,-5,-14,-14,-14,-14,-14,-14,-14,-14,-14,-14,-21,-21,-31,-31,-31,-31,-31,-29,-23,-8,-8,-8,-16,-6,-8,-8,-16,0,-8,-12,-36,-1,-21,0,0,0,0,0,0,0,0,0,0,8,8,8,8,7,4,12,0,12,0,0,0,0,0,0,0,12,0,0,0,0,0,0,0,0,-47,-47]} 1. d4 Nf6 2. c4 g6 3. Nc3 d5 4. cxd5 Nxd5 5. e4 Nxc3 6. bxc3 Bg7 7. Be3 c5 8. Rc1 Qa5 9. Qd2 cxd4 10. cxd4 Qxd2+ 11. Kxd2 O-O 12. Bc4 Nc6 {D85: Exchange Grünfeld: Unusual White 7th moves and lines with 7 Nf3} 13. Ne2 Rd8 {[%cal Rc6d4] LiveBook: 4 Games} 14. d5 (14. Rhd1 Bxd4 15. Nxd4 Nxd4 16. Ke1 Nc6 17. Rxd8+ Nxd8 18. Bd5 Nc6 19. Bxc6 bxc6 20. Rxc6 {½-½ (49) Kramnik,V (2796)-Svidler,P (2740) Nizhnij Novgorod 2013}) 14... e6 {The position is equal.} 15. Rhd1 exd5 $146 ({Predecessor:} 15... Na5 16. Ke1 Nxc4 17. Rxc4 exd5 18. exd5 b6 19. Rc7 Be5 20. Rc2 Bd7 21. Nd4 Bxd4 22. Rxd4 Rac8 23. Rxc8 Rxc8 {½-½ (23) Ruff,R (1827)-Nusser,J (1843) Stuttgart 2010}) 16. Bxd5 Nb4 17. Ke1 Be6 {[%cal Rb4d5]} 18. Bxb7 Rab8 {[#] aiming for ...Rxd1+.} 19. Bd5 (19. Bf4 {with more complications.} Nc2+ 20. Kf1 Rxd1+ 21. Rxd1 Rxb7 22. Rd8+) 19... Nxd5 20. exd5 Rxd5 21. Rxd5 Bxd5 22. Nf4 Bxa2 {...a5 is the strong threat.} 23. Bxa7 Re8+ 24. Kf1 Bb3 25. Be3 Be5 26. g3 g5 27. Nd3 Bf6 28. Nc5 Bd5 29. Nd7 Be7 30. Bd4 Be6 31. Nf6+ Bxf6 $1 32. Bxf6 $11 {[%mdl 4096] Endgame KRB-KRB} Bh3+ 33. Kg1 h6 34. Rd1 Kh7 35. Bc3 Re2 36. Re1 Rc2 37. Bd4 Kg6 38. Be3 Kh5 39. Rc1 Re2 40. Ra1 Kg4 41. Ba7 f5 42. Ra4+ f4 {[%cal Re2e1] [#]} 43. Ra1 h5 44. Bb6 Rd2 45. Ba7 Kf3 46. Ra3+ Ke2 {[%cal Rd2d1]} 47. Ra1 h4 48. Bb8 Kf3 49. Ra3+ Ke2 {[%cal Rd2d1]} 50. Ra1 Be6 51. Bc7 Rc2 (51... Rd7 {seems wilder.} 52. Ba5 Bc4 53. Rc1 Kf3 54. Rc3+ Bd3) 52. Bd6 Ba2 53. gxf4 gxf4 54. Bxf4 Kf3 55. Be3 h3 56. Rc1 Rb2 57. Bd4 Rb4 58. Rc3+ Ke4 59. Be3 Rb1+ 60. Rc1 Rb7 61. Rc5 Be6 62. Rc1 Kf3 63. Rc3 Rb1+ 64. Rc1 Rb4 65. Bc5 Rb3 66. Bd6 Ke2 67. Bg3 Bf5 68. Ra1 Bb1 69. Ra7 Rb4 {( -> ...Rd4)} 70. Ra3 Rc4 {Precision: White = 55%, Black = 66%.} 0-1